Normal view
MARC view
Entry Uniform Title
001 - CONTROL NUMBER
- control field: 11540
003 - CONTROL NUMBER IDENTIFIER
- control field: ARRUPE
005 - DATE AND TIME OF LATEST TRANSACTION
- control field: 20140924133719.0
008 - FIXED-LENGTH DATA ELEMENTS
- fixed length control field: 140924|| aca||aabn | a|a d
040 ## - CATALOGING SOURCE
- Original cataloging agency: ARRUPE
- Transcribing agency: ARRUPE
130 ## - HEADING--UNIFORM TITLE
- Uniform title: Bible.
- Name of part/section of a work: Gospels
- Form subdivision: Liturgical lessons, English.
670 ## - SOURCE DATA FOUND
- Source citation: Work cat.: (ARRUPE)0: Donders, Joseph G. 11537, Christ the divine network :, c1986.